Radar, hula hoops and playful pigs : 67 digestible commentaires on the fascinating chemistry of everyday life

This book consists of the following seven parts: those fascinating chemicals, down the hatch, chemical crimes, health and disease, around the house, sense or nonsense, the bottom line.

Đã lưu trong:
書目詳細資料
主要作者: Schwarcz, Joe
格式: 圖書
語言:Undetermined
出版: Ontario, Canada ECW Press 1999
主題:
標簽: 添加標簽
沒有標簽, 成為第一個標記此記錄!
Thư viện lưu trữ: Trung tâm Học liệu Trường Đại học Cần Thơ
LEADER 00765nam a2200205Ia 4500
001 CTU_41254
008 210402s9999 xx 000 0 und d
082 |a 613 
082 |b S399 
100 |a Schwarcz, Joe 
245 0 |a Radar, hula hoops and playful pigs : 
245 0 |b 67 digestible commentaires on the fascinating chemistry of everyday life 
245 0 |c Joe Schwarcz 
260 |a Ontario, Canada 
260 |b ECW Press 
260 |c 1999 
520 |a This book consists of the following seven parts: those fascinating chemicals, down the hatch, chemical crimes, health and disease, around the house, sense or nonsense, the bottom line. 
650 |a Public health 
904 |i Minh, 010517 
980 |a Trung tâm Học liệu Trường Đại học Cần Thơ